Normal view
MARC view
- Stead, Rebecca,
Entry Nombre Personal
001 - NUMERO DE CONTROL
- campo de control: 32723
003 - IDENTIFICADOR DE NUMERO DE CONTROL
- campo de control: UPN
005 - FECHA Y HORA DE LA ÜLTIMA TRANSACCIÓN
- campo de control: 20210219194435.0
008 - DATOS DE LONGITUD FIJA
- campo de control de longitud fija: nabaccnnaabn|||||||||| b |nc|||||d
035 ## - NUMERO DE CONTROL
- Número de control: UPN11000004830
040 ## - FUENTE DE CATALOGACIÓN
- Lenguaje de catalogación: SPA
- Agencia de transcripción: UPN
053 #4 - NÚMERO DE CLASIFICACIÓN LC
- Número de clasificación elemento-número único o número inicial de tramo: PS3619 T4.2
100 1# - ENCABEZAMIENTO - NOMBRE PERSONAL
- Nombre personal: Stead, Rebecca,
- Fechas asociadas con el nombre: 1968-
670 ## - FUENTE EN LA QUE SE LOCALIZARON DATOS
- Cita de la fuente: LC/P
- Uniform Resource Identifier: http://en.wikipedia.org/wiki/Rebecca_Stead
680 ## - NOTA PUBLICA DE ACCESO PÚBLICO
- Frase explicativa de la referencia: Escritora estadounidense
902 ## - CATALOGADOR
- Catalogador: MITM/081112
